000 00681nam a2200241Ia 4500
003 OSt
005 20221005072959.0
006 a|||||r|||| 00| 0
007 ta
008 221004b |||||||| |||| 00| 0 eng d
024 _a52047
037 _cTextual
040 _aCRL
_cCRL
_beng
041 _2eng
_aeng
082 _aR3xL24:g, N0
100 _aSingh Raghwendra Pratap
_925316
245 0 _aKant and Hegel
_b Methodology, ontology, epistemology, dialectice and ought
260 _aNew Delhi
_bGalaxy
_c1990
300 _a130p
_ccm.
650 _aPHILOSOPHY
942 _hR3xL24:g, N0
_cTEXL
_2cc
999 _c980350
_d980350